| 000 | 00729cab a2200229 4500 | ||
|---|---|---|---|
| 001 | ABS46002 | ||
| 008 | 090401t1992 xxu||||| |||| 00| 0 eng d | ||
| 035 | _a(Sirsi) u56285 | ||
| 041 | _aeng | ||
| 100 | _aTownsend, H. | ||
| 245 | _aMilk quota : permanent transfers - the case for second T1/2s | ||
| 260 | _c1992 | ||
| 350 | _a0 | ||
| 490 |
_aCS Monthly : Rural Practice _v1(6) March 1992, 2-3(2) |
||
| 520 | _aPuts the case for using second T1/2 transfer forms, making sales of milk quota safer and outlines the procedure to use for sales of milk quotas. | ||
| 650 | _aAPPORTIONMENT OF QUOTA | ||
| 650 | _aMILK QUOTAS | ||
| 650 | _aTRANSFER FORMS | ||
| 690 | _aRURAL PRACTICE | ||
| 942 | _n0 | ||
| 948 | _c04/03/1997 | ||
| 999 |
_c34323 _d34323 |
||